MARC

LEADER 00000nam0a2200000 4500
001 322817
005 20231102003517.0
035 |a (RuTPU)RU\TPU\book\348375 
090 |a 322817 
100 |a 20161005d1977 km y0rusy50 ca 
101 0 |a rus 
102 |a RU 
105 |a y z 001zy 
200 1 |a Боевой отряд интернационалистов. Из истории международной деятельности ВЛКСМ (1918-1945 гг.)  |f А. П. Зиновьев 
210 |a Москва  |c Молодая гвардия  |d 1977 
215 |a 238 с. 
320 |a Библиогр.: с. 226-236 
606 1 |a ВЛКСМ  |x История  |2 stltpush  |3 (RuTPU)RU\TPU\subj\2606  |9 31155 
610 1 |a Коммунистический интернационал молодежи 
610 1 |a международная деятельность 
610 1 |a история 
610 1 |a международные связи 
610 1 |a 20 век 
610 1 |a интернационализм 
610 1 |a интернациональная деятельность 
610 1 |a зарубежные страны 
610 1 |a Коммунистический интернационал 
610 1 |a Великая Отечественная война 1941-1945 
686 |a Ф75(2)12  |v LBC/SL-A  |2 rubbk 
700 1 |a Зиновьев  |b А. П.  |g Анатолий Петрович 
801 1 |a RU  |b 63413507  |c 20161005 
801 2 |a RU  |b 63413507  |c 20161012  |g RCR 
942 |c BK